000
00237nam a2200097Ia 4500
001
1003122
005
20250826230443.0
008
250824s9999 xx 000 0 und d
245
0
_a
ZAMANDA YOLCULUK
_c
EMRE YAVUZ
260
_b
BETA YAYINLARI
999
_c
1003122
_d
1003122